000 00445nam a2200181Ia 4500
005 20251020182526.0
008 200515s9999 xx 000 0 und d
082 _a691.714/I59
245 0 _aAcero de refuerzo de alta resistencia
260 _aMéxico DF.
260 _c1975
300 _aInstituto Mexicano del cemento y del concreto
500 _a1 ejemplar
650 _aACERO
650 _aESTRUCTURAS
650 _aLIB
942 _cLIB
999 _c1908
_d1908